000
00276nam a2200109Ia 4500
008
190912s9999||||xx |||||||||||||| ||und||
100
_a
Fergusson, Rosalind
245
4
_a
The Penguin Dictionary of Proverbs
260
_a
London
_b
Penguin books
_c
1983
300
_a
331
942
_c
BK
999
_c
7222
_d
7222